000 00673nam a2200241Ia 4500
003 OSt
005 20221006160814.0
006 a|||||r|||| 00| 0
007 ta
008 221006b |||||||| |||| 00| 0 eng d
020 _a9780804778671
024 _a46,435
037 _cTextual
040 _aEASL
_cEASL
_beng
041 _2eng
_aeng
082 _aJ451.42, Q3;1
100 _aSURAK Kristin
_9674823
245 0 _aMaking tea, making Japan
_bCultural Nationalism in practice
260 _aCalifornia
_bStanford University Press
_c2013
300 _a252p.
_ccm.
942 _hJ451.42, Q3;1
_cTEXL
_2CC
999 _c1114525
_d1114525